000 00922nam a2200253Ia 4500
003 OSt
005 20221005113349.0
006 a|||||r|||| 00| 0
007 ta
008 221004b |||||||| |||| 00| 0 pan d
020 _a8179823962 (hbk)
_cINR 400.00
024 _a33138
037 _b781, 27/02/2017, H.K. Prakashan
_cTextual
040 _aCRL
_cCRL
_bpan
041 _2pan
_apan
082 _aO153,6N34w,1, Q3
100 _aਬਰਾੜ, ਮਹਿੰਦਰ ਸਿੰਘ, ਂਚ.
245 0 _aਗੱਲਾਂ ਵਿਚੋ੍ਵ ਗੱਲ
260 _aਬਰਨਾਲਾ
_bਤਰਕਭਾਰਤੀ ਪ੍ਰਕਾFਨ ਭਾਰਤ
_c2013
300 _a288ਪ੍ਰ0
_ccm.
650 _a ਪੰਜਾਬੀ ਨਿਬੰਧ
942 _hO153,6N34w,1, Q3
_cTEXL
_2cc
999 _c1027918
_d1027918